01820nam a2200349 i 4500003000900000005001700009007000300026008004100029020001500070020001800085040003000103082002100133100003500154245005800189246013000247264004800377300002900425336002700454337003400481338002800515500006300543500013600606520041800742590002701160650003201187650003201219650004101251910001401292942001401306952013301320999001701453DO-SdBNP20240806114110.0ta240805s1995 xxu 000 j spa d a088730740X a9780887307409 aDO-SdBNPbspacBNPHUerda a658.15bF469222 aFifer, Robert M.911765eautor10aDouble your profits in 6 months or less /cBob Fifer. aDouble your profits in 6 months or less :b78 ways to cut costs, increase sales, and dramatically improve your bottom line /  1aNew York, Estados Unidos : bHarper,c1995. a243 páginas, c21 cm. 2rdacontentatextobtxt 2rdamediaasin mediación bn 2rdacarrieravolumenbnc aIncluye datos biográficos del autor en la página 244.  aDuplica tus ganancias en 6 meses o menos, 78 formas de reducir costos, aumentar las ventas y mejorar drásticamente sus resultados aEscrito por Bob Fifer, el libro "Double Your Profits: In Six Months or Less", "Duplique sus ganancias: en seis meses o menos" en traducción libre al español, este es el libro de cabecera de uno de los más grandes empresarios de Brasil, el fundador de Ambev, Marcel Telles. En este libro, Bob aborda en 78 pasos cómo reducir costos, aumentar las ventas y mejorar los resultados de manera clara y objetiva. aInventariado, 2024/ YL 4aGestión industrial.96334 4aGestión de ventas.986215 4aLos beneficios empresariales.986216 aYLockward 2ddccLBS1 00102ddc56708GRaBNPHUbBNPHUcCTd2019-10-15eDonación l0oBNPHU GR 658.15 F469p2024-4684r2024-08-05w2024-08-05yLBS1 c57375d57375